000 00641nam a2200193Ia 4500
003 GCL
005 20240530095302.0
008 140319s9999 xx 000 0 ara d
040 _aGCL /
_cGCL
082 0 4 _a746.92
_bق/ت أ
100 1 _aتحية كامل حسين
245 1 0 _aالازياء المصرية من الفراعنة حتى عصر محمد على /
_cتحية كامل حسين
260 _aالقاهرة :
_bدار المعارف ،
_c2002
300 _a270 ص ؛
_c24 سم
650 0 4 _aالازياء العربية
650 0 4 _aالازياء - تاريخ
650 0 4 _aالازياء - مصر
942 _2ddc
_cBK
999 _c5793
_d5793